Culture Générale - Série 09 - Statistiques

Statistiques générales
  • Ce quiz a été pris 5 878 fois
  • Le résultat moyen est 5 sur 10
Statistiques - réponses
Question Répone % Correct
Combien d'états comptent les USA ? 50
95%
Dans quelle partie du corps se trouve l'humérus ? Bras
86%
Quel est le biscuit que Proust a rendu célèbre ? Madeleine
84%
Comment appelle-t-on une salle de judo ? Dojo
76%
Qu'est-ce qu'un gibbon ? Singe
65%
Où se trouve le volcan Popocatepetl ? Mexique
39%
Comment s'appelle l'arbre fruitier produisant le coing ? Cognassier
33%
Quel est le nom de l'Avare de Molière ? Harpagon
31%
Quel est le surnom de Simon Templar (série télévisée britannique) ? Le Saint
20%
Dans la mythologie grecque, qui est la muse de la Poésie ? Erato
10%
Aucun quiz correspondant
Distribution des résultats
% des personnes avec chaque résultat
Percentile par nombre de réponses
Votre historique - résultats
Vous n’avez pas pris ce quiz